Total facilities management
| Main Author: | |
|---|---|
| Other Authors: | |
| Format: | Book |
| Published: |
UK :
Blackwell science
|
| Subjects: |
MARC
| LEADER | 00000cam a2200000 7i4500 | ||
|---|---|---|---|
| 001 | 0000012673 | ||
| 005 | 20050505.0 | ||
| 020 | |a 0632054719 | ||
| 040 | |a INS | ||
| 090 | 0 | 0 | |a HD1394 |b A86 2000 |
| 100 | 1 | |a Atkin, Brian | |
| 245 | 1 | 0 | |a Total facilities management |c Brian Atkin |
| 260 | |a UK : |b Blackwell science | ||
| 300 | |a xii : |b 180p ; |c 25cm. | ||
| 650 | 0 | 0 | |a Building management |
| 650 | 0 | 0 | |a Facility management |
| 650 | 0 | 0 | |a Real estate management |
| 700 | 0 | |a Brooks |x Adrian | |
| 999 | |a 0000013049 |b BOOK |c Open Shelf |e Default branch | ||
| 999 | |a 0000013050 |b BOOK |c Open Shelf |e Default branch | ||